Influence of the Packaging Elements on the Consumer Buying Behavior in the Beverages Industry of Pakistan (Record no. 527076)

000 -LEADER
fixed length control field 00592nam a22001937a 4500
003 - CONTROL NUMBER IDENTIFIER
control field NUST
005 - DATE AND TIME OF LATEST TRANSACTION
control field 20230906122411.0
008 - FIXED-LENGTH DATA ELEMENTS--GENERAL INFORMATION
fixed length control field 190719b ||||| |||| 00| 0 eng d
038 ## - RECORD CONTENT LICENSOR
Staff Name Mr. Noman
082 ## - DEWEY DECIMAL CLASSIFICATION NUMBER
Classification number 658
100 ## - MAIN ENTRY--PERSONAL NAME
Personal name Bilal, Muhammad
9 (RLIN) 18167
245 ## - TITLE STATEMENT
Title Influence of the Packaging Elements on the Consumer Buying Behavior in the Beverages Industry of Pakistan
Statement of responsibility, etc. Muhammad Bilal.
260 ## - PUBLICATION, DISTRIBUTION, ETC.
Place of publication, distribution, etc. Islamabad:
Name of publisher, distributor, etc. NBS - NUST,
Date of publication, distribution, etc. 2013.
300 ## - PHYSICAL DESCRIPTION
Extent 72 p. : ill. ;
Dimensions 3cm.
500 ## - GENERAL NOTE
General note Hardcover.
650 ## - SUBJECT ADDED ENTRY--TOPICAL TERM
Topical term or geographic name entry element MBA Thesis.
9 (RLIN) 17629
700 ## - ADDED ENTRY--PERSONAL NAME
Personal name Fatima Z. Nasir.
9 (RLIN) 18168
942 ## - ADDED ENTRY ELEMENTS (KOHA)
Source of classification or shelving scheme
Koha item type Thesis
Holdings
Withdrawn status Lost status Source of classification or shelving scheme Damaged status Not for loan Permanent Location Current Location Shelving location Date acquired Full call number Barcode Date last seen Price effective from Koha item type
          Central Library (CL) Central Library (CL) Thesis 07/19/2019 658 CL-T-2745 07/19/2019 07/19/2019 Thesis
© 2023 Central Library, National University of Sciences and Technology. All Rights Reserved.